Workshop practice (Record no. 4864)

MARC details
000 -LEADER
fixed length control field 00389nam a22001697a 4500
005 - DATE AND TIME OF LATEST TRANSACTION
control field 20160630105451.0
008 - FIXED-LENGTH DATA ELEMENTS--GENERAL INFORMATION
fixed length control field 160630b xxu||||| |||| 00| 0 eng d
020 ## - INTERNATIONAL STANDARD BOOK NUMBER
ISBN 978-93-80027-30-2
041 ## - LANGUAGE CODE
Language code of text/sound track or separate title eng
082 ## - DEWEY DECIMAL CLASSIFICATION NUMBER
Item number 13119
100 ## - MAIN ENTRY--AUTHOR NAME
Personal name Singh, Swarn
245 ## - TITLE STATEMENT
Title Workshop practice
260 ## - PUBLICATION, DISTRIBUTION, ETC. (IMPRINT)
Name of publisher Katson
Year of publication 2012
300 ## - PHYSICAL DESCRIPTION
Number of Pages 257
650 ## - SUBJECT ADDED ENTRY--TOPICAL TERM
Topical Term Diploma Engineering
942 ## - ADDED ENTRY ELEMENTS (KOHA)
Koha item type Books
Holdings
Lost status Damaged status Home library Current library Shelving location Date acquired Cost, normal purchase price Full call number Accession Number Koha item type Collection code Source of acquisition
    JRU Library   SHELF-45-M 30/06/2016 95.00 13119 13119 Books    
    JRU Library   SHELF-45-M 30/06/2016 95.00 13119 13120 Books    
    JRU Library   SHELF-45-N 30/06/2016 95.00 13119 13121 Books    
    JRU Library JRU Library SHELF-58-G 30/06/2016 95.00 13119 13122 Books MINING  
    JRU Library JRU Library SHELF-58-G 30/06/2016 95.00 13119 13123 Books MINING  
    JRU Library JRU Library SHELF-58-G 30/06/2016 95.00 13119 13124 Books MINING  
    JRU Library JRU Library SHELF-58-G 30/06/2016 95.00 13119 13125 Books MINING  
    JRU Library   SHELF-45-N 30/06/2016 95.00 13119 13126 Books    
    JRU Library JRU Library SHELF-58-G 30/06/2016 95.00 13119 13127 Books MINING  
    JRU Library   SHELF-45-M 30/06/2016 95.00 13119 13128 Books    
    JRU Library   SHELF-45-N 30/06/2016 95.00 13119 13129 Books    
    JRU Library JRU Library SHELF-58-G 30/06/2016 95.00 621.75 13130 Books MINING PURCHASE
    JRU Library   SHELF-45-M 30/06/2016 95.00 13119 13131 Books    
    JRU Library   SHELF-45-M 30/06/2016 95.00 13119 13132 Books    
    JRU Library     30/06/2016 95.00 13119 13133 Books    
    JRU Library   SHELF-45-M 30/06/2016 95.00 13119 13134 Books    
    JRU Library   SHELF-45-M 30/06/2016 95.00 13119 13135 Books    
    JRU Library   SHELF-45-M 30/06/2016 95.00 13119 13136 Books    
    JRU Library   SHELF-45-N 30/06/2016 95.00 13119 13137 Books    
    JRU Library   SHELF-45-M 30/06/2016 95.00 13119 13138 Books    
    JRU Library JRU Library SHELF-58-D 30/06/2016 95.00 13119 13139 Books MINING  
    JRU Library   SHELF-45-N 30/06/2016 95.00 13119 13140 Books    
    JRU Library     30/06/2016 95.00 13119 13141 Books    
    JRU Library     30/06/2016 95.00 13119 13142 Books    
    JRU Library   SHELF-45-N 30/06/2016 95.00 13119 13143 Books    
    JRU Library   SHELF-45-M 30/06/2016 95.00 13119 13144 Books    
    JRU Library JRU Library SHELF-58-G 30/06/2016 95.00 13119 13145 Books MINING  
    JRU Library   SHELF-45-M 30/06/2016 95.00 13119 13146 Books    
    JRU Library     30/06/2016 95.00 13119 13147 Books    
    JRU Library     30/06/2016 95.00 13119 13148 Books    
    JRU Library   SHELF-45-M 30/06/2016 95.00 13119 13149 Books    
    JRU Library   SHELF-45-M 30/06/2016 95.00 13119 13150 Books    
    JRU Library   SHELF-45-M 30/06/2016 95.00 13119 13151 Books    
    JRU Library     30/06/2016 95.00 13119 13152 Books